000 00490nam a2200181Ia 4500
003 GCL
008 140319s9999 xx 000 0 eng d
040 _aGCL /
_cGCL
082 0 4 _a629.T323
_bB A
100 1 _aBAWYER, RICHARD
245 1 0 _aAERADYNAMICS FOR THE PROFESSIONAL PILOT /
_cBAWYER, RICHARD
260 _a[S.N] :
_bAIRLIFE PUBLISHING ،
_c1992
300 _a107P
650 0 4 _aAERODYNAMICS
650 0 4 _aAIRPLANES - AIRADYNMICS
650 0 4 _aGAS - HURBINES
942 _2ddc
_cBK
999 _c11225
_d11225